إذما : (Record no. 31063)

MARC details
000 -الفاتح
حقل البيانات ثابتة الطول 01044nam a2200301 i 4500
003 - محدد رقم الضبط
رقم الضبط EG-ScBUE
005 - وقت وتاريخ اخر تعامل مع التسجيلة
رقم الضبط 20260203100619.0
008 - عناصر البيانات ثابتة الطول - معلومات عامة
حقل البيانات ثابتة الطول 181204s2025 ua f 000 f ara d
017 ## - رقم الإيداع القانونى
رقم الإيداع القانونى 2020 / 3398
020 ## - الرقم الدولى المعيارى للكتب
الرقم الدولى المعيارى للكتاب 9789778240986
040 ## - مصدر الفهرسة
وكالة الفهرسة الأصلية EG-ScBUE
لغة الفهرسة ara
قواعد الوصف rda
وكالة النسخ EG-ScBUE
وكالة التعديل EG-ScBUE
043 ## - رمز المنطقة الجغرافية
رمز المنطقة الجغرافية f-ua---
082 04 - رقم تصنيف ديوى العشرى
رقم التصنيف 892.737
رقم المادة ص ا د
رقم الطبعة 22
100 1# - المدخل الرئيسى - إسم شخصى
الإسم الشخصى صادق، محمد،
التواريخ المصاحبة للاسم 1987-
الدور مؤلف.
9 (RLIN) 41953
245 10 - بيان العنوان
العنوان إذما :
بقية العنوان تسعة كنوز و تسعة أوامر حتى تجدني : رواية /
بيان المسئوليه,etc محمد صادق.
250 ## - بيان الطبعة
بيان الطبعة الطبعة الثانية والعشرون.
264 #1 - النشر، التوزيع
مكان الناشر او الموزع القاهرة :
اسم الناشر او الموزع الرواق للنشر والتوزيع،
تاريخ النشر أو التوزيع 2025.
300 ## - الوصف المادى
التعداد 367 صفحة ؛
أبعاد الوعاء 20 سم
336 ## - نوع المحتوى
source rdacontent
Carrier Type Term نص
Content Type Code txt
337 ## - نوع الوسيط
source rdamedia
Media Type Term بدون وسيط
Media Type Code n
338 ## - نوع الحامل أو الناقل
source rdacarrier
Carrier Type Term مجلد
Carrier Type Code nc
541 ## - تبصرة المصدر المباشر للتزويد
طريقة التزويد Book Fair 2026.
650 #7 - المدخل الاضافى بالموضوع-مصطلح موضوعى
مصطلح موضوعي أو اسم جغرافي كعنصر مدخل القصص العربية
التقسيم الفرعي الجغرافي مصر
التقسيم الفرعي الزمني قرن21
مصدر الرأس أو المصطلح BUEsh
651 ## - المدخل الاضافى بالموضوع - اسم جغرافى
مصدر الرأس أو المصطلح BUEsh
653 ## - مصطلح تكشيفى غير مقيد
Resource For college Arabic Literature
-- Generalities
Arrived date list January2026
655 ## - مصطلح تكشيفى-نوع/شكل
التقسيم الفرعي الشكلي Reading book
942 ## - عناصر المدخل الإضافي( كوها)
مصدر التصنيف او مخطط الترفيف Dewey Decimal Classification
Holdings
حالة التراجع حالة الفقد مصدر التصنيف او خطة الترفيف حالة تلف ليس للاعارة مجموعات كوها المكان الدائم المكان الحالي موقع الترفيف تاريخ الاكتساب Source of acquisition سعر الشراء الطبيعي رقم الاستدعاء الباركود Date last seen مُعار التكلفة نوع الوعاء
    Dewey Decimal Classification     الرواق Central Library Central Library Second Floor 03/02/2026 Purchase 175.00 892.737 ص ا د 000057466 18/03/2026 07/03/2026 219.00 Book - Borrowing